000 00833nas a2200265Ia 4500
001 A50/R028-4221 [r000001346]
003 IT-MiCISF
008 161014c99999999xx |||||||||||| ||und||
040 _aIT-MiCISF
_cIT-MiCISF
041 _aITALIANO
100 _aAssociazione Genitori
210 _aLa famiglia
222 _aLa famiglia
245 0 _aTempo scolastico, tempo lungo, tempo pieno, e scuola della piena educazione
250 _a1a ed.
260 _c1980
501 _bCISF - Centro Internazionale Studi Famiglia - Via Giotto, 36 20145 MILANO (non commercial uses only)
_cCopyright 2016
300 _app. 72-81
362 _a79, gen-feb. [1980]
500 _a Tema: scuola, legislazione, educazione, famiglia
650 _aSCUOLA
_vdocumento
700 _aAA.VV.
942 _cCR
957 _71
999 _a4221
_bSi
_g1
_c223263
_d223263